[Event "NATO-ch 23nd"]
[Site "Brest"]
[Date "2012.10.03"]
[Round "4"]
[White "Picart, Laurent"]
[Black "Redman, Michael"]
[Result "1-0"]
[WhiteElo "2103"]
[BlackElo "2016"]
[PlyCount "80"]
[EventDate "2012.10.01"]
[EventType "swiss"]
[EventRounds "7"]
[EventCountry "FRA"]
[SourceTitle "CBM 150 Extra"]
[Source "ChessBase"]
[SourceDate "2012.10.19"]
[SourceVersion "1"]
[SourceVersionDate "2012.10.19"]
[SourceQuality "1"]

1. d4 Nf6 2. c4 e6 3. Nc3 Bb4 4. e3 0-0 5. Nge2 d5 6. a3 Be7 7. cxd5 exd5 8. g3 Bf5 9. Qb3 Qd7 10. Bg2 c6 11. h3 Na6 12. g4 Bg6 13. Nf4 Nc7 14. Nxg6 fxg6 15. e4 Kh8 16. e5 Ne4 17. Nxe4 dxe4 18. Be3 Nd5 19. Bxe4 Nxe3 20. Qxe3 g5 21. 0-0 Rf4 22. Rad1 Qe6 23. Kg2 Bd8 24. f3 Bb6 25. Qc3 Rd8 26. Rd3 Re8 27. b4 a6 28. Rd2 Rf7 29. Bb1 Rf4 30. Bf5 Qd5 31. Be4 Qe6 32. Rfd1 g6 33. Bb1 Qe7 34. Ba2 Bc7 35. e6 Qg7 36. Qc5 Bb8 37. Qxg5 Qc7 38. Qe5+ Qxe5 39. dxe5 Bxe5 40. Rd8 Ref8 1-0

[Event "NATO-ch 23nd"]
[Site "Brest"]
[Date "2012.10.02"]
[Round "3"]
[White "De Waard, Marco"]
[Black "Redman, Michael"]
[Result "1/2-1/2"]
[WhiteElo "2117"]
[BlackElo "2016"]
[PlyCount "41"]
[EventDate "2012.10.01"]
[EventType "swiss"]
[EventRounds "7"]
[EventCountry "FRA"]
[SourceTitle "CBM 150 Extra"]
[Source "ChessBase"]
[SourceDate "2012.10.19"]
[SourceVersion "1"]
[SourceVersionDate "2012.10.19"]
[SourceQuality "1"]

1. d4 Nf6 2. c4 e6 3. Nf3 b6 4. g3 Ba6 5. b3 Bb4+ 6. Bd2 Be7 7. Bg2 Bb7 8. 0-0 0-0 9. Nc3 d5 10. Ne5 c6 11. Bf4 Nh5 12. e4 Nxf4 13. gxf4 f6 14. Nf3 dxe4 15. Nxe4 Qc7 16. Qc1 Nd7 17. Bh3 e5 18. dxe5 fxe5 19. Nfg5 Bxg5 20. fxg5 Rf4 21. Rd1 1/2-1/2